Management: Structure,Functions and Practice (Record no. 883572)

MARC details
000 -LEADER
fixed length control field 00286nam a2200109Ia 4500
008 - FIXED-LENGTH DATA ELEMENTS--GENERAL INFORMATION
fixed length control field 231011s9999 xx 000 0 und d
041 ## - LANGUAGE CODE
Language code of text/sound track or separate title eng
100 ## - MAIN ENTRY--PERSONAL NAME
Personal name Arthur Elkins
245 ## - TITLE STATEMENT
Title Management: Structure,Functions and Practice
260 ## - PUBLICATION, DISTRIBUTION, ETC.
Name of publisher, distributor, etc. Addison-Wesley Pub.Company -
365 ## - TRADE PRICE
Price amount 759

No items available.